Reality and religion; (Record no. 7623)

MARC details
000 -LEADER
fixed length control field 00750cam a22002411 4500
001 - CONTROL NUMBER
control field 8729374
003 - CONTROL NUMBER IDENTIFIER
control field GBCCL
005 - DATE AND TIME OF LATEST TRANSACTION
control field 20241126110632.0
008 - FIXED-LENGTH DATA ELEMENTS--GENERAL INFORMATION
fixed length control field 750806s1924 nyu 000 0 eng
010 ## -
-- 24009366
035 ## - SYSTEM CONTROL NUMBER
System control number (OCoLC)1515176
040 ## - CATALOGING SOURCE
Original cataloging agency DLC
Transcribing agency FM
Modifying agency OCoLC
-- MBU
-- DLC
042 ## -
-- premarc
050 00 -
-- BV5082
-- .S54 1924a
082 ## - DEWEY DECIMAL CLASSIFICATION NUMBER
Classification number 200
Item number SIN
100 1# - MAIN ENTRY--PERSONAL NAME
Personal name Singh, Sundar,
Dates associated with a name 1889-1929.
9 (RLIN) 3350
245 10 - TITLE STATEMENT
Title Reality and religion;
Remainder of title Meditations on God, man and nature,
Statement of responsibility, etc. by Sadhu Sundar Singh, with an introduction by Canon Streeter.
260 ## - PUBLICATION, DISTRIBUTION, ETC.
Place of publication, distribution, etc. New York,
Name of publisher, distributor, etc. The Macmillan Co.,
Date of publication, distribution, etc. 1924.
300 ## - PHYSICAL DESCRIPTION
Extent xvi, 80 p.
Dimensions 18 cm.
650 #0 - SUBJECT ADDED ENTRY--TOPICAL TERM
Topical term or geographic name entry element Religion.
9 (RLIN) 1728
906 ## - LOCAL DATA ELEMENT F, LDF (RLIN)
a 7
b cbc
c oclcrpl
d u
e ncip
f 19
g y-gencatlg
942 ## - ADDED ENTRY ELEMENTS (KOHA)
Source of classification or shelving scheme Dewey Decimal Classification
Koha item type Books
Koha issues (borrowed), all copies 1
Holdings
Withdrawn status Lost status Source of classification or shelving scheme Damaged status Not for loan Home library Current Library Shelving location Date acquired Total checkouts Full call number Barcode Date last seen Date last checked out Copy number Price effective from Koha item type
    Dewey Decimal Classification     GRACE BIBLE COLLEGE GRACE BIBLE COLLEGE Philosophy and Religion 2018-09-04 1 200 SIN 003383 2025-05-01 2024-11-07 c.1 2018-09-04 Books
© Grace Bible College Library 2025